[Event "Florianopolis op 10th"]
[Site "Florianopolis"]
[Date "2024.01.20"]
[Round "1"]
[White "Gruettner, Ralf"]
[Black "Andersson, Cristian De Oliveir"]
[Result "1-0"]
[WhiteElo "2071"]
[BlackElo "1461"]
[PlyCount "71"]
[EventDate "2024.01.20"]
[EventType "swiss"]
[EventRounds "10"]
[EventCountry "BRA"]
[SourceTitle "CB05_2024"]
[SourceDate "2024.01.31"]
[SourceVersion "1"]
[SourceVersionDate "2024.01.31"]
[SourceQuality "1"]

1. d4 Nf6 2. c4 g6 3. Nc3 d5 4. cxd5 Nxd5 5. e4 Nxc3 6. bxc3 Bg7 7. Bc4 c5 8. Ne2 0-0 9. 0-0 Nc6 10. Be3 Na5 11. Bd3 c4 12. Bc2 b5 13. Qd2 e6 14. Bh6 Nc6 15. Bxg7 Kxg7 16. a4 Ba6 17. Rfd1 Ne7 18. d5 exd5 19. exd5 Qd6 20. Qd4+ Qf6 21. axb5 Bb7 22. d6 Nd5 23. Be4 Rfe8 24. Bxd5 Qxd4 25. Rxd4 Bxd5 26. Rxd5 Rxe2 27. d7 Rd8 28. Kf1 Rc2 29. Rxa7 Kf6 30. Rc7 Rxc3 31. Rd4 Rb3 32. Rc6+ Ke7 33. b6 Rxd7 34. Rc7 Rxb6 35. Rcxd7+ Ke6 36. Rc7 1-0

[Event "Pelotas Gaucho op"]
[Site "Pelotas"]
[Date "2023.10.15"]
[Round "7"]
[White "Andersson, Cristian De Oliveir"]
[Black "Pimenta, Elisandro da Silva"]
[Result "1/2-1/2"]
[WhiteElo "1450"]
[BlackElo "1848"]
[PlyCount "61"]
[EventDate "2023.10.12"]
[EventType "swiss"]
[EventRounds "7"]
[EventCountry "BRA"]
[SourceTitle "Mega2024 Update 01"]
[Source "Chessbase"]
[SourceDate "2023.11.12"]
[SourceVersion "1"]
[SourceVersionDate "2023.11.12"]
[SourceQuality "1"]

1. c4 e5 2. Nc3 Nf6 3. Nf3 Nc6 4. g3 Bc5 5. Bg2 a6 6. 0-0 d6 7. a3 0-0 8. b4 Ba7 9. Bb2 h6 10. d3 Be6 11. e3 Qd7 12. Re1 Rae8 13. Ne2 Bg4 14. d4 exd4 15. Nfxd4 Nxd4 16. Bxd4 Bxd4 17. Qxd4 c6 18. f3 Bh5 19. Nf4 Rd8 20. e4 Bg6 21. Rad1 Qc7 22. Re2 c5 23. Qc3 b5 24. Red2 cxb4 25. Qxb4 bxc4 26. Rxd6 c3 27. Rxd8 Rxd8 28. Rxd8+ Qxd8 29. Qxc3 Qd1+ 30. Kf2 Bxe4 31. Qe1 1/2-1/2

[Event "Florianopolis op 6th"]
[Site "Florianopolis"]
[Date "2020.01.24"]
[Round "7"]
[White "De Oliveira, Nicolas Fabiane"]
[Black "Andersson, Cristian De Oliveir"]
[Result "1-0"]
[WhiteElo "1113"]
[BlackElo "1480"]
[PlyCount "49"]
[EventDate "2020.01.20"]
[EventType "swiss"]
[EventRounds "10"]
[EventCountry "BRA"]
[SourceTitle "CBM 194 Extra"]
[Source "ChessBase"]
[SourceDate "2020.03.31"]
[SourceVersion "1"]
[SourceVersionDate "2020.03.31"]
[SourceQuality "1"]

1. d4 d5 2. c4 e5 3. dxe5 d4 4. Nf3 Nc6 5. Bf4 Nge7 6. e3 Ng6 7. a3 Nxf4 8. exf4 a5 9. Nbd2 a4 10. Qc2 g6 11. Bd3 Ne7 12. 0-0 Bf5 13. Bxf5 Nxf5 14. Qe4 Ra6 15. Qxb7 Rb6 16. Qa7 Qd7 17. Ne4 Bg7 18. Qa8+ Ke7 19. Qd5 Rhb8 20. Qc5+ Ke8 21. Rfe1 Rxb2 22. Rad1 d3 23. Nf6+ Bxf6 24. exf6+ Kd8 25. Qf8+ 1-0

[Event "Florianopolis op 6th"]
[Site "Florianopolis"]
[Date "2020.01.23"]
[Round "5"]
[White "Serafim Junior, Arnor"]
[Black "Andersson, Cristian De Oliveir"]
[Result "1/2-1/2"]
[WhiteElo "1813"]
[BlackElo "1480"]
[PlyCount "56"]
[EventDate "2020.01.20"]
[EventType "swiss"]
[EventRounds "10"]
[EventCountry "BRA"]
[SourceTitle "CBM 194 Extra"]
[Source "ChessBase"]
[SourceDate "2020.03.31"]
[SourceVersion "1"]
[SourceVersionDate "2020.03.31"]
[SourceQuality "1"]

1. Nf3 Nf6 2. g3 e6 3. Bg2 Be7 4. 0-0 c5 5. d3 Nc6 6. e4 d6 7. Nbd2 0-0 8. Re1 Qc7 9. a4 Rb8 10. Nc4 Nd7 11. Bf4 a6 12. Qd2 b5 13. axb5 axb5 14. Na5 Ra8 15. Nxc6 Qxc6 16. Bg5 f6 17. Be3 Ne5 18. Qe2 Ba6 19. Bh3 Qd7 20. Nd2 f5 21. f4 Ng4 22. exf5 exf5 23. Bxc5 Rfe8 24. Qe6+ Qxe6 25. Rxe6 dxc5 26. Raxa6 Rxa6 27. Rxa6 Bf6 28. Nf3 Bxb2 1/2-1/2

[Event "Florianopolis op 6th"]
[Site "Florianopolis"]
[Date "2020.01.22"]
[Round "4"]
[White "Andersson, Cristian De Oliveir"]
[Black "Deus Filho, Joaquim"]
[Result "0-1"]
[WhiteElo "1480"]
[BlackElo "1881"]
[PlyCount "75"]
[EventDate "2020.01.20"]
[EventType "swiss"]
[EventRounds "10"]
[EventCountry "BRA"]
[SourceTitle "CBM 194 Extra"]
[Source "ChessBase"]
[SourceDate "2020.03.31"]
[SourceVersion "1"]
[SourceVersionDate "2020.03.31"]
[SourceQuality "1"]

1. c4 e5 2. Nc3 f5 3. Nf3 e4 4. Nd4 d6 5. d3 Nf6 6. g3 Nc6 7. Nc2 exd3 8. exd3 Qe7+ 9. Qe2 Ne5 10. Be3 f4 11. Bxf4 Bg4 12. Qe3 Bf3 13. Bxe5 Bxh1 14. Bd4 Qxe3+ 15. Bxe3 Bc6 16. Bh3 Bd7 17. Bg2 c6 18. h3 Be7 19. Kd2 0-0 20. Re1 Rfe8 21. Nd4 Bd8 22. b4 Bb6 23. a4 Bxd4 24. Bxd4 Rxe1 25. Kxe1 Re8+ 26. Kd2 b6 27. Be3 Kf7 28. Ne2 d5 29. c5 bxc5 30. bxc5 a6 31. Bd4 Rb8 32. Bc3 Ne8 33. Nc1 Nc7 34. Nb3 Ne6 35. h4 d4 36. Nxd4 Nxd4 37. Bxd4 Rb4 38. a5 0-1

[Event "Florianopolis op 6th"]
[Site "Florianopolis"]
[Date "2020.01.20"]
[Round "1"]
[White "Marques Junior, Marcos Antonio"]
[Black "Andersson, Cristian De Oliveir"]
[Result "1-0"]
[WhiteElo "1771"]
[BlackElo "1480"]
[PlyCount "62"]
[EventDate "2020.01.20"]
[EventType "swiss"]
[EventRounds "10"]
[EventCountry "BRA"]
[SourceTitle "CBM 194 Extra"]
[Source "ChessBase"]
[SourceDate "2020.03.31"]
[SourceVersion "1"]
[SourceVersionDate "2020.03.31"]
[SourceQuality "1"]

1. e4 c5 2. Nf3 d6 3. d4 cxd4 4. Nxd4 Nc6 5. c4 e6 6. Nc3 Nf6 7. Be2 Be7 8. 0-0 0-0 9. a3 Bd7 10. b4 Rc8 11. Bb2 Ne5 12. Qb3 a6 13. Nf3 Ng6 14. Rfe1 Bc6 15. Bf1 b6 16. g3 Qc7 17. Rac1 Qb7 18. Nd2 Rfd8 19. b5 axb5 20. cxb5 Bd7 21. Bg2 e5 22. Bf1 Be6 23. Bc4 d5 24. exd5 Nxd5 25. Nxd5 Bxd5 26. Bxd5 Qd7 27. Bxf7+ Kh8 28. Nc4 Rc5 29. Bxg6 hxg6 30. Nxe5 Qf5 31. Nf7+ Kh7 1-0

[Event "Porto Alegre Metropole op 1st"]
[Site "Porto Alegre"]
[Date "2019.05.04"]
[Round "3"]
[White "Andersson, Cristian De Oliveir"]
[Black "Lopes da Luz, Paulo"]
[Result "1-0"]
[WhiteElo "1400"]
[BlackElo "1696"]
[PlyCount "73"]
[EventDate "2019.05.03"]
[EventType "swiss"]
[EventRounds "5"]
[EventCountry "BRA"]
[SourceTitle "CBM 190 Extra"]
[Source "ChessBase"]
[SourceDate "2019.07.15"]
[SourceVersion "1"]
[SourceVersionDate "2019.07.15"]
[SourceQuality "1"]

1. d4 Nf6 2. c4 e6 3. Nc3 Bb4 4. Bg5 d5 5. Nf3 c6 6. e3 Qa5 7. Bxf6 Bxc3+ 8. bxc3 Qxc3+ 9. Nd2 gxf6 10. cxd5 exd5 11. Be2 Nd7 12. 0-0 f5 13. Nf3 Nf6 14. Ne5 h5 15. Bd3 Be6 16. Rb1 Bc8 17. Qf3 Ne4 18. Bxe4 dxe4 19. Qf4 Qa3 20. Nc4 Qe7 21. f3 Kf8 22. Nd6 b6 23. fxe4 Be6 24. Rb2 Rd8 25. Nxf5 Bxf5 26. Qxf5 Rh6 27. Rbf2 Rd7 28. Rf3 h4 29. e5 Ke8 30. Qf4 Qe6 31. Rh3 Qg6 32. Rxh4 Rxh4 33. Qxh4 Qg7 34. Rf6 c5 35. Rh6 Rc7 36. Rh8+ Kd7 37. Qd8+ 1-0